Identification of RAPD markers linked to the Tm-2 locus in tomato (Record no. 60656)

MARC details
000 -LEADER
fixed length control field 00442nam a2200169Ia 4500
100 ## - MAIN ENTRY--AUTHOR NAME
Personal name Ohmori T
245 #0 - TITLE STATEMENT
Title Identification of RAPD markers linked to the Tm-2 locus in tomato
260 ## - PUBLICATION, DISTRIBUTION, ETC. (IMPRINT)
Name of publisher Theoretical and Applied Genetics
Year of publication 1995
300 ## - PHYSICAL DESCRIPTION
Number of Pages 307-311
650 ## - SUBJECT ADDED ENTRY--TOPICAL TERM
Topical Term Disease resistance
650 ## - SUBJECT ADDED ENTRY--TOPICAL TERM
Topical Term PCR
650 ## - SUBJECT ADDED ENTRY--TOPICAL TERM
Topical Term RAPD
700 ## - ADDED ENTRY--PERSONAL NAME
Personal name Motoyoshi F
700 ## - ADDED ENTRY--PERSONAL NAME
Personal name Murata M
942 ## - ADDED ENTRY ELEMENTS (KOHA)
Koha item type Journals
Holdings
Withdrawn status Lost status Damaged status Not for loan Home library Current library Shelving location Date acquired Serial Enumeration / chronology Koha item type
      Journals RRII Library RRII Library PCR 17/12/2021 Volume 90, Issue 04-Mar Journals